Synthesis and biological activity of 2-alkylthio-6-(bicyclo /2.2.1/ hept-5-en-2,3-dicarboximido)-benzothiazoles

Bibliographic Details
Main Authors: Sidóová, E. (Author), Odlerová, Ž. (Author), Perjéssy, A. (Author), Blöckinger, Gejza, 1906-1984 (Author)
Format: Article
Language:Slovak
English
PhysicalDescription:Tb. 4. Schéma 1. Res. angl., rus.
Subjects:

MARC

LEADER 00000nab a2200000 a 4500
001 vtls000068528
003 SK-MaSNL
005 20260304234633.0
008 250422c1980 xo 0 slo
015 |a SNBRB19rr/mm-uuuuu 
035 |a CL0078628 
035 |a urn:nbn:sk:snk-ab7izd 
035 |a (urnnbn)urn:nbn:sk:snk:ar-005xpf 
035 |a (uuid)bbffaf1f-6083-4f75-bd46-7848eba35137 
040 |a SNKBUCL  |b slo  |c SNKBUCL  |e AACR2 
041 0 |a eng 
044 |a xo  |c SK 
080 |a 547  |2 1981 
080 |a 542  |2 1981 
245 0 0 |a Synthesis and biological activity of 2-alkylthio-6-(bicyclo /2.2.1/ hept-5-en-2,3-dicarboximido)-benzothiazoles  |c E. Sidóová, Ž. Odlerová, A. Perjéssy, G. Blöckinger 
300 |b Tb. 4. Schéma 1. Res. angl., rus. 
650 0 7 |a benzotiazoly  |2 snkbucl  |9 124084 
655 7 |a články z novín a časopisov  |2 snkbucl  |9 267496 
700 1 |a Sidóová, E.  |4 aut  |9 945134 
700 1 |a Odlerová, Ž.  |4 aut  |9 1009343 
700 1 |a Perjéssy, A.  |4 aut  |9 828715 
700 1 |a Blöckinger, Gejza,  |d 1906-1984  |4 aut  |9 163970 
773 0 |t Chemické zvesti  |g Roč. 34, č. 2 (1980), s. 269-277 
850 |a Slovenská národná knižnica 
852 |a Slovenská národná knižnica 
958 |a article7 
958 |a RK 
958 |a OND 
958 |a EUIPO 
992 |a RBX 
999 |c 3205000  |d 3206930